00505cam a22001452a 4500001000900000003001100009008004300020245009400063260001700157260001400174260000900188300002500197700003700222650010000259 007272 AR-FADEU 311216n1975####xxu####################dd aEl REGIMEN oligárquico : materiales para el estudio de la realidad Argentina hasta 1930 aBuenos Aires bAmorrortu c1975 a361 p. : cuad., graf aMarcos, Giménez Zapiola, comp. aARGENTINA-FORMACION SOCIOECONOMICO; DEPENDENCIA-ARGENTINA-1930; MODELO AGROEXPORTADOR-ARGENTINA